Informačné systémy v manažmente kúpeľných podnikov

Nehmotné (znalostné) aktíva a ich aplikácia v manažmente kúpeľných podnikov. Rýchlo sa meniace ekonomické prostredie a silnejúca konkurencia a s tým súvisiace nároky na manažment kúpeľov. Informácie a informačné systémy v kúpeľných podnikoch. Informácie ako zdroj zvyšovania príjmov. Manažérske infor...

Descrizione completa

Salvato in:
Dettagli Bibliografici
Autore principale: Bažó, Ladislav, 1980-
Natura: Capitolo di libro
Lingua:slovacco
Soggetti:
Tags: Aggiungi Tag
Nessun Tag, puoi essere il primo ad aggiungerne!!

MARC

LEADER 00000naa$a2200000$$$4500
001 0048839
005 20240502071548.5
041 0 |a slo 
044 |a SK 
245 1 0 |a Informačné systémy v manažmente kúpeľných podnikov 
520 |a Nehmotné (znalostné) aktíva a ich aplikácia v manažmente kúpeľných podnikov. Rýchlo sa meniace ekonomické prostredie a silnejúca konkurencia a s tým súvisiace nároky na manažment kúpeľov. Informácie a informačné systémy v kúpeľných podnikoch. Informácie ako zdroj zvyšovania príjmov. Manažérske informačné systémy a ich funkcia. Informačné systémy na jednotlivých stupňoch riadenia. Systémy na podporu exekutívy (EIS - executive information systems) a ich kvalitatívne prínosy. 
610 2 0 |a systémy informačné 
610 2 0 |a systémy informačné exekutívne 
610 2 0 |a systémy informačné podnikové 
610 2 0 |a báza dát 
610 2 0 |a manažment 
610 2 0 |a riadenie podnikové 
610 2 0 |a informácie 
610 2 0 |a rozhodovanie 
610 2 0 |a kontrola 
610 2 0 |a komunikácia 
610 2 0 |a konkurencieschopnosť 
610 2 0 |a kúpeľníctvo 
100 1 |a Bažó, Ladislav, 1980-